| 000 | 00877nam a2200265Ia 4500 | ||
|---|---|---|---|
| 003 | OSt | ||
| 005 | 20221005094049.0 | ||
| 006 | a|||||r|||| 00| 0 | ||
| 007 | ta | ||
| 008 | 221004b |||||||| |||| 00| 0 eng d | ||
| 020 |
_a9781843347637 (pbk) _c5324.39 |
||
| 024 | _a24256 | ||
| 037 |
_b676, 15/12/2015, Capital Books Pvt. Ltd. _cTextual |
||
| 040 |
_aCRL _cCRL _beng |
||
| 041 |
_2eng _aeng |
||
| 082 | _a2:97(D65,8(B)), Q4 | ||
| 100 |
_aLili Li _9618925 |
||
| 245 | 0 | _aScholarly information discovery in the networked academic learning environment | |
| 260 |
_aOxford _bChandos Publishing UK _c2014 |
||
| 300 |
_axxxii, 429p. _ccm. |
||
| 490 | _aChandos information professional series | ||
| 650 | _aLIBRARY SCIENCE | ||
| 942 |
_h2:97(D65,8(B)), Q4 _cTEXL _2cc |
||
| 999 |
_c1001351 _d1001351 |
||